Statistiche per CT della nazionale italiana di calcio dal 1980 a oggi

Clicka qui per fare il quiz!

Statistiche generali

  • Questo quiz è stato fatto 126 volte
  • Il punteggio medio è 12 su 15

Statistiche sulle risposte

HintRisposta% Corretto
2018-2023Roberto Mancini
100%
2008-2010Marcello Lippi
99%
2004-2006Marcello Lippi
99%
2023-Luciano Spalletti
98%
2014-2016Antonio Conte
97%
2016-2017Gian Piero Ventura
96%
2010-2014Cesare Prandelli
92%
2000-2004Giovanni Trapattoni
79%
1991-1996Arrigo Sacchi
76%
1977-1986Enzo Bearzot
72%
1998-2000Dino Zoff
64%
1996-1998Cesare Maldini
60%
2018-2018Luigi Di Biagio
53%
2006-2008Roberto Donadoni
53%
1986-1991Azeglio Vicini
38%

Distribuzione punteggi

Percentile per numero di risposta

Percentuale di utenti per punteggio

I tuoi punteggi nel tempo

Non hai fatto questo quiz